Revelation made easy : (Record no. 9495)

MARC details
000 -LEADER
fixed length control field 00506nam a22001697a 4500
003 - CONTROL NUMBER IDENTIFIER
control field GBCCL
005 - DATE AND TIME OF LATEST TRANSACTION
control field 20241126110713.0
008 - FIXED-LENGTH DATA ELEMENTS--GENERAL INFORMATION
fixed length control field 230214b ||||| |||| 00| 0 eng d
020 ## - INTERNATIONAL STANDARD BOOK NUMBER
International Standard Book Number 9789389998153
040 ## - CATALOGING SOURCE
Transcribing agency gbc
082 ## - DEWEY DECIMAL CLASSIFICATION NUMBER
Classification number 228.07
Item number SUN
100 ## - MAIN ENTRY--PERSONAL NAME
Personal name Sunder, L Shanthakumari
9 (RLIN) 16546
245 ## - TITLE STATEMENT
Title Revelation made easy :
Remainder of title a commentary on the book of Reveletion in a lay person's language
300 ## - PHYSICAL DESCRIPTION
Extent 396p. ;
650 ## - SUBJECT ADDED ENTRY--TOPICAL TERM
Topical term or geographic name entry element Bible
Form subdivision New Testament
General subdivision Revelation
-- commentary
9 (RLIN) 16547
942 ## - ADDED ENTRY ELEMENTS (KOHA)
Source of classification or shelving scheme Dewey Decimal Classification
Koha item type Books
Koha issues (borrowed), all copies 1
Holdings
Withdrawn status Lost status Source of classification or shelving scheme Damaged status Not for loan Home library Current Library Shelving location Date acquired Total checkouts Full call number Barcode Date last seen Date last checked out Copy number Price effective from Koha item type
    Dewey Decimal Classification     GRACE BIBLE COLLEGE GRACE BIBLE COLLEGE Biblical Studies 2023-02-14 1 228.07 SUN 015969 2025-05-01 2024-01-27 c.1 2023-02-14 Books
© Grace Bible College Library 2025